| 000 | 02751cam a22004574i 4500 | ||
|---|---|---|---|
| 003 | PE-LiUPU | ||
| 005 | 20250731165426.0 | ||
| 008 | 160204s2012 pe a grm 000 0 spa d | ||
| 035 | _a(Sirsi) a155922 | ||
| 040 |
_aPE-LiUPU _bspa _cPE-LiUPU _erda |
||
| 082 | 0 | 4 |
_a658.31422 _bC11 T2 |
| 099 |
_aTA 2 _bC11 2012 |
||
| 100 | 1 |
_aCahuana Catacora, Mijail Johnatan _eautor |
|
| 245 | 1 |
_aRelación de la satisfacción laboral con el clima organizacional en la Municipalidad Provincial de Tacna, año 2012 / _cMijail Johnatan Cahuana Catacora. |
|
| 264 | 0 | _c2012. | |
| 300 |
_a107 hojas : _bilustraciones; _c30 cm |
||
| 336 |
_atext _2rdacontent |
||
| 337 |
_aunmediated _2rdamedia |
||
| 338 |
_avolume _2rdacarrier |
||
| 502 |
_aTesis _b(Lic.) -- _cUniversidad Peruana Unión, _d2012. |
||
| 504 | _aIncluye referencias | ||
| 520 | 3 | _aEl estudio fue desarrollado con el objetivo de determinar la relación de la satisfacción laboral con el clima organizacional en la Municipalidad Provincial de Tacna. Fueron trabajados tres objetivos específicos para determinar la relación de la satisfacción laboral con la responsabilidad individual, con la motivación laboral y con la tolerancia laboral. -En el marco teórico, para beneficio del estudio, se abordaron dos teorías: la teoría de una medición de satisfacción de Viamontes y la teoría del clima organizacional de Litwin y Stringer, quienes fueron los primeros autores en conceptualizar el clima organizativo bajo la perspectiva perceptual. -La teoría de una medición de satisfacción deja en evidencia que la satisfacción es un fenómeno en el cual intervienen múltiples dimensiones; sin embargo, para este estudio se han considerado tres dimensiones fundamentales: las características de la actividad laboral y el balance. -Por su parte, la segunda teoría intenta explicar importantes aspectos de la conducta de los individuos quienes trabajan en una organización utilizando los conceptos de motivación y clima, describiendo además los determinantes situacionales y ambientales que más influyen sobre la conducta y percepción del individuo. -El tipo de investigación es descriptivo, correlacional y transversal. | |
| 526 | _aSEG44 | ||
| 526 | _aSEG26 | ||
| 526 | _aP151 | ||
| 526 | _aP150 | ||
| 526 | _aP149 | ||
| 526 | _aP146 | ||
| 526 | _aP145 | ||
| 526 | _aP126 | ||
| 526 | _aP125 | ||
| 526 | _aP92 | ||
| 526 | _aP75 | ||
| 526 | _aP74 | ||
| 526 | _aP27 | ||
| 526 | _aP15 | ||
| 650 | 0 | 4 |
_aSatisfacción en el trabajo _xClima organizacional _vTesis. |
| 596 | _a1 | ||
| 942 |
_2ddc _cTESIS |
||
| 999 |
_aTA 2 C11 2012 _wALPHANUM _c8600 _iT01327 _lCCODEBUL3 _mBUL _r1 _sY _tTESIS _u2016-2-4 _xFCE _PP01 _o.STAFF. Tesis _d8600 |
||
| 980 |
_81 _gALBERTO SANCHEZ Responsable de Automatización |
||